| 000 | 00355nam a2200145Ia 4500 | ||
|---|---|---|---|
| 008 | 230312s9999||||xx |||||||||||||| ||und|| | ||
| 020 | _a93-392-0544-7 | ||
| 082 |
_a720.19 _bCHI-C |
||
| 100 | _aChitkara;K K | ||
| 245 | 0 | _aConstruction project management | |
| 260 |
_bMitadru basu _aIndia _c2015 |
||
| 300 | _a826 | ||
| 650 | _aArchitecture | ||
| 942 | _cBK | ||
| 999 |
_c11778 _d11778 |
||